000 00302nam a22001457a 4500
008 210427b ||||| |||| 00| 0 eng d
020 _a9780471558958
041 _aeng
080 _a521
082 _a521
100 _a41
101 _aAST
245 _aStarList 2000
_cSmith,R.D
942 _2udc
_cBK
999 _c56819
_d56819